| 000 | 00762nam a2200253 a 4500 | ||
|---|---|---|---|
| 008 | 960514s1987||||[C 0 slo c | ||
| 020 |
_c12 Kčs. _q(5 000 výtl.) |
||
| 040 |
_aSNK _bslo _cSNK _eAACR2 |
||
| 041 | 1 | _aslo | |
| 044 |
_axo _cSK |
||
| 080 | _a784.67.087.61:786.2 | ||
| 080 | _a786.2 | ||
| 080 | _a786.2 | ||
| 245 | 1 | 0 |
_aSpievajže si, spievaj _hHudobnina _bSpev a klavír ; Helena Répassyová, Milo Šamko |
| 250 | _a2., vyd. | ||
| 260 |
_aBratislava _bOpus [vyd.] _c1987 _ePartizánske _fZápadoslovenské tlačiarne |
||
| 300 |
_a46 s. _c30 cm |
||
| 500 | _aHudobnina. | ||
| 500 | _aZost. Helena Repassyová a Milo Samko. | ||
| 700 | 1 |
_aRépassyová, Helena _4oth |
|
| 700 | 1 |
_aŠamko, Milo _4oth |
|
| 924 | _aspev a klavír | ||
| 958 | _aH | ||
| 999 |
_c15186 _d15186 |
||